| 000 | 00546nam a2200181 i 4500 | ||
|---|---|---|---|
| 001 | 68963 | ||
| 003 | ES-MaACL | ||
| 005 | 20230906170413.0 | ||
| 007 | t| | ||
| 008 | 040819s1956 sp ||||1| spa d | ||
| 100 | 1 |
_aIglesias Carrasco, Luis. _965102 |
|
| 245 | 1 | 0 |
_aConstrucción _b: precios compuestos calculados / _cLuis Iglesias Carrasco. |
| 250 | _a1ª ed. | ||
| 260 |
_aMadrid : _bEscelicer, _c[1956] |
||
| 300 |
_a2 v. ; _c18 cm. |
||
| 505 | 8 | _aContiene: T. I: Mano de obra -- T. II: Materiales | |
| 852 |
_aES-MaACL _jC-11657-8 _bR.39516 |
||
| 999 |
_c68963 _d68963 |
||